MAASAI MARA UNIVERSITY

LIBRARY CATALOGUE

Contact Us: +254 020 2685356/7 or 0774 057787

Box: 861-20500, NAROK, KENYA

Email: info@mmarau.ac.ke

Web wise seniors (Record no. 3704)

MARC details
000 -LEADER
fixed length control field 00378nam a2200133Ia 4500
008 - FIXED-LENGTH DATA ELEMENTS--GENERAL INFORMATION
fixed length control field 151015s9999 xx 000 0 und d
020 ## - INTERNATIONAL STANDARD BOOK NUMBER
International Standard Book Number 974823716
050 ## - LIBRARY OF CONGRESS CALL NUMBER
Classification number Z 52.2 .M52F42 2004
245 ## - TITLE STATEMENT
Title Web wise seniors
250 ## - EDITION STATEMENT
Edition statement _Microsoft word for beginners Web Wise
300 ## - PHYSICAL DESCRIPTION
Extent Ohio Web Wise Seniors 2004
650 ## - SUBJECT ADDED ENTRY--TOPICAL TERM
Topical term or geographic name as entry element _Microsoft Word
700 ## - ADDED ENTRY--PERSONAL NAME
Personal name ^d20120829 01:36:16^oanne

No items available.

© 2016 Maasai Mara University.